Joueurs de foot ##2 - Statistiques

Statistiques générales
  • Ce quiz a été pris 56 fois
  • Le résultat moyen est 19 sur 24
Statistiques - réponses
Par images Réponse % Correct
Lloris
100%
Payet
100%
Lukaku
96%
Martial
96%
Gnabry
94%
Balerdi
92%
Guirassy
92%
Emre Can
90%
Jackson
90%
Laimer
86%
Azpilicueta
82%
Mbemba
82%
Alex Sandro
80%
Amine Harit
80%
José Sa
78%
Dalot
73%
Bentancur
71%
Bremer
67%
Chalobah
67%
Ben Davies
57%
Lobotka
53%
Otavio
47%
Colwill
41%
Rugani
39%
Aucun quiz correspondant
Distribution des résultats
% des personnes avec chaque résultat
Percentile par nombre de réponses
Votre historique - résultats
Vous n’avez pas pris ce quiz